| 000 | 02040cam a22004934i 4500 | ||
|---|---|---|---|
| 003 | PE-LiUPU | ||
| 005 | 20250731173107.0 | ||
| 008 | 181210s2018 tnua r 001 0 eng d | ||
| 020 | _a1462761623 | ||
| 020 | _a9781462761623 | ||
| 035 | _a(Sirsi) a250971 | ||
| 040 |
_aPE-LiUPU _bspa _cPE-LiUPU _erda |
||
| 049 | _aPRUA | ||
| 082 | 0 | 4 |
_a251 _bG14 _223 |
| 100 | 1 |
_aGallaty, Robby, _d1976-, _eautor. |
|
| 245 | 1 | 0 |
_aPreaching for the rest of us : _bessentials for text-driven preaching / _c Robby Gallaty and Steven Smith. |
| 264 | 1 |
_aNashville, TN : _b B & H Academic, _c[2018]. |
|
| 300 |
_axviii, 190 páginas : _bilustraciones ; _c23 centímetros |
||
| 336 |
_atext _2rdacontent |
||
| 337 |
_aunmediated _2rdamedia |
||
| 338 |
_avolume _2rdacarrier |
||
| 504 | _aÍndice : páginas 183-190. | ||
| 505 | _aLeading a text-driven life -- A theology of text-driven preaching -- What is text-driven preaching? -- The frame of the text: understanding the internal structure -- Exegesis of the text -- The external frame: understanding the text's place in Scripture -- Translation -- Explanation -- Exhortation -- Conclusions -- Introductions -- Thoughts on delivery -- Calling for response -- Sermon analysis tool -- Recommended next steps -- Discussion questions. | ||
| 526 | _aSEG42 | ||
| 526 | _aSEG41 | ||
| 526 | _aSEG40 | ||
| 526 | _aSEG39 | ||
| 526 | _aP94 | ||
| 526 | _aP87 | ||
| 526 | _aP86 | ||
| 526 | _aP85 | ||
| 526 | _aP77 | ||
| 526 | _aP76 | ||
| 526 | _aP35 | ||
| 650 | 0 | 4 |
_aPredicación _xMetodología. |
| 650 | 0 | 4 |
_aHablar en público _xAspectos religiosos. |
| 700 | 1 |
_aSmith, Steven, _eautor. |
|
| 910 |
_adbm _bjpc _cjpc _d201812010 |
||
| 942 |
_2ddc _cBOOK |
||
| 994 |
_aC0 _bPEPRUE |
||
| 596 | _a1 | ||
| 999 |
_a251 G14 _wDEWEY _c30428 _i79080 _f2021-11-10 _g4 _lCCODEBUL1 _mBUL _p10.00 _r0 _sY _tBOOK _u2018-12-10 _xTEOLOGIA _PP85 _0DONACION _1FCOMPR2 _o.STAFF. Colección Teología _d30428 |
||
| 980 |
_81 _gALBERTO SANCHEZ Responsable de Automatización |
||